vocabulaire anglais , spécial nourriture - Statistiques

Statistiques générales
  • Ce quiz a été pris 473 fois
  • Le résultat moyen est 58 sur 100
Statistiques - réponses
mot en français mot en anglais % Correct
du fromage cheese
97%
une tomate tomato
94%
une carotte carrot
90%
un oeuf egg
89%
la nourriture food
89%
une banane banana
88%
une orange orange
88%
une pomme apple
87%
le poisson fish
86%
les legumes vegetables
86%
le pain bread
84%
les fruits fruits
84%
une fraise strawberry
84%
le chocolat chocolate
83%
le café coffee
83%
le lait milk
82%
pizza pizza
82%
la bière beer
81%
du riz rice
81%
du thé tea
81%
un repas meal
80%
la viande meat
80%
une pêche peach
80%
le sel salt
80%
le sucre sugar
80%
du beurre butter
78%
un gâteau cake
78%
des pâte pasta / noodles
78%
de la soupe soup
78%
un citron lemon
77%
une poire pear
77%
des frites fries
76%
le poivre pepper
76%
le petit déjeuner breakfast
75%
une cerise cherry
75%
un biscuit / cookie cookie
75%
un champignon mushroom
75%
un sandwich sandwich
75%
du soda soda
75%
la glace ( au chocolat... ) ice cream
74%
l'huile oil
74%
la salade salad
74%
le jambon ham
73%
du vin wine
73%
le dîner dinner
72%
de la confiture jam
72%
un melon melon
71%
du bœuf beef
70%
du raisin grape
70%
un steak steak
70%
un oignon onion
69%
du saumon salmon
69%
un bonbon candy
67%
le dessert dessert
67%
de la sauce tomate tomato sauce
66%
un croissant croissant
65%
des épinards spinach
65%
l'apéritif a drink
64%
un haricot bean
63%
des céréales cereal
62%
du thon tuna
61%
la moutarde mustard
60%
le yaourt yogurt
60%
le champagne champagne
57%
le juis de fruit fruit juice
57%
une tarte pie
55%
le déjeuner lunch
52%
une pomme de terre potatoes
52%
de la dinde turkey
52%
du porc pork
46%
le poulet chiken
43%
la mayonnaise mayonnaise
41%
l'eau minérale mineral water
40%
une cacahuète peanut
39%
des petits pois peas
39%
crevette shrimp
39%
de l'eau pétillante sparkling water
39%
une laitue lettuce
37%
le vinaigre vinegar
35%
une aubergine eggplant
31%
de l'agneau lamb
27%
une omelette omelette
26%
des asperges asparagus
25%
de l'eau plate still water
23%
un pamplemousse grapefruit
21%
le plat principal main dish
20%
une courgette courgette
19%
la boisson drinks
19%
un rôti roast
19%
une prune plum
17%
le jambon cru raw ham
12%
des artichauts artichokes
10%
la vinaigrette vinaigrette
7%
du mouton mutton
5%
des crudités raw vegetables
4%
des conserves canned food
2%
la charcuterie cold cuts
2%
les chips potato chips
2%
le saucisson salami
1%
un steak haché hamburger meat
0%
Aucun quiz correspondant
Distribution des résultats
% des personnes avec chaque résultat
Percentile par nombre de réponses
Votre historique - résultats
Vous n’avez pas pris ce quiz